000 00320nam a22001217a 4500
008 241016b |||||||| |||| 00| 0 eng d
022 _a07439156
041 _aEng
245 _aJournal Of Public Policy & Marketing
260 _aDehli
_bSage Publication
_c2024
856 _ujournals.sagepub.com/home/ppo
942 _cSR
_s1
999 _c42345
_d42345